Formas de Países Prueba #1 - Estadísticas

Estadísticas generales
  • Esta prueba ha sido intentada 16.898 veces
  • La puntuación promedio es 14 de 16
Estadísticas de respuestas
Imagen Respuesta % Correcto
Estados Unidos
98%
Italia
97%
México
96%
Australia
95%
Francia
94%
India
94%
Reino Unido
93%
Argentina
91%
Noruega
91%
Japón
89%
Egipto
88%
Brasil
87%
China
87%
Indonesia
84%
Panamá
54%
Irak
40%
No se encontraron pruebas coincidentes
Distribución de puntuación
Porcentaje de gente con cada puntuación
Porcentaje por número respondido
Historial de tus puntuaciones
No has intentado esta prueba.